00493nam a2200145Ia 4500008004100000041000800041082001600049100002200065245004500087260003900132300003300171365000700204999001500211952012100226240624s9999 xx 000 0 und d aeng a658.403 ROB aROBBINS STEPHEN P aDECIDE AND CONQUER MAKE WINNING DECISION c2004aNew DelhibPearson Education axxiii, : 190 : p. : cm. ; 24 cRS c3084d3084 00104070aIMTNbIMTNcRack 26-Bd2006-01-03eAPg395.00o658.403 ROBp3084r2024-06-24 00:00:00t1w2024-06-24yBK